000 01221cam a2200325 i 4500
999 _c200452389
_d70601
003 TR-AnTOB
005 20230306093511.0
007 ta
008 950127s1971 tu 000 0 tur d
040 _aANKA
_beng
_erda
_cANKA
_dTR-AnTOB
041 0 _atur
050 1 4 _aKKX911.2
_b.K37 1971
090 _aKKX911.2
_b.K37 1971
100 1 _aKarayalçın, Yaşar
_eauthor
_938717
245 1 0 _aBorçlar-ticaret ve banka hukuku bibliyografyası :
_b1966-1967 /
_cDr. Yaşar Karayalçın, Dr. Nurkut İnan.
246 1 3 _aBibliographie concernant le droit des obligations, le droit commercial et le droit bancaire.
264 1 _aAnkara :
_bBanka ve Ticaret Hukuku Araştırma Enstitüsü,
_c1971.
300 _a138 pages ;
_c24 cm
336 _atext
_btxt
_2rdacontent
337 _aunmediated
_bn
_2rdamedia
338 _avolume
_bnc
_2rdacarrier
490 0 _aYayın nu ;
_v92
520 _aDonated by Kudret Aslan.
650 7 _aTicaret hukuku
_zTürkiye
_vBibliyografya
_2etuturkob
_992230
650 7 _aBorçlar (Hukuk)
_zTürkiye
_vBibliyografya
_2etuturkob
_992231
650 0 _aBanka hukuku
_zTürkiye
_vBibliyografya
_920511
700 1 _aİnan, Nurkut
_eauthor
_958186
942 _2lcc
_cBK